Statistics for Geography Ultra Quiz

Click here to take the quiz!

General Stats

  • This quiz has been taken 202 times
  • The average score is 8 of 13

Answer Stats

QuestionAnswer% Correct
What is the smallest capital in the EU?Valetta
87%
The city of Palma is located on which island?Mallorca
85%
Which continent is Lake Tanganyika in?Africa
82%
What is the largest lake in South America?Lake Titicaca
78%
New providence is the most populous island in which country?The Bahamas
74%
What language does Suriname speak?Dutch
72%
What country does France share its shortest border with?Monaco
72%
Madeira belongs to which country?Portugal
68%
What is the World’s oldest lake?Lake Baikal
66%
The Spratly islands are the most disputed islands on the planet. How many countries claim the islands?6
40%
What is the second largest island in the world?New Guinea
40%
What country does Jan Mayen belong to?Norway
40%
What country controls the largest portion of Antarctica?Australia
37%

Score Distribution

Percentile by Number Answered

Percent of People with Each Score

Your Score History

You have not taken this quiz